LIBRARY & INFORMATION CENTRE, KCAET, TAVANUR

ONLINE PUBLIC ACCESS CATALOGUE (OPAC)

Ezhuthum thiruthum punarezhuthum / | എഴുത്തും തിരുത്തും പുനരെഴുത്തും (Record no. 19485)

MARC details
000 -LEADER
fixed length control field 00458nam a22001457a 4500
003 - CONTROL NUMBER IDENTIFIER
control field OSt
008 - FIXED-LENGTH DATA ELEMENTS--GENERAL INFORMATION
fixed length control field 250830b |||||||| |||| 00| 0 eng d
041 ## - LANGUAGE CODE
Language code of text/sound track or separate title eng
082 ## - DEWEY DECIMAL CLASSIFICATION NUMBER
Classification number 808.06
Item number STA/EZ
100 ## - MAIN ENTRY--AUTHOR NAME
Personal name Stalin, G.
245 ## - TITLE STATEMENT
Title Ezhuthum thiruthum punarezhuthum /
Remainder of title എഴുത്തും തിരുത്തും പുനരെഴുത്തും
260 ## - PUBLICATION, DISTRIBUTION, ETC. (IMPRINT)
Place of publication Thiruvananthapuram :
Name of publisher Chintha Publishers,
Year of publication 2024.
300 ## - PHYSICAL DESCRIPTION
Number of Pages 120 p.
942 ## - ADDED ENTRY ELEMENTS (KOHA)
Koha item type Books
Holdings
Withdrawn status Lost status Damaged status Home library Current library Date acquired Source of acquisition Cost, normal purchase price Full call number Accession Number Koha item type
      KAUAET KAUAET 30/08/2025 Donated by KT Jaleel MLA 200.00 808.06 STA/EZ 26297 Books
free website counter